00365nam a2200145Ia 4500008004100000020001800041041000800059082001700067100001600084245005000100260002900150300000800179365001600187700001600203230718s9999 xx 000 0 und d a9788184873511 aeng a621.042bTHI aThipse S.S. aNon Conventional And Renewable Energy Sources c2014bNarosa Publishing  a318 cRs.b290.00 aThipse S.S.